00921nam a2200229 a 450000100060000000300080000600500170001400800410003102000170007203500190008904000270010804100080013508200240014324502100016726000670037730000340044449000390047850400370051765000410055470000150059583000810061069296BD-RjUL20211209081853.0170410s1982 ne a b 101 0 eng d a044499694X : a(BD-RjUL)69507 aDLCcDLCdBD-RjULbeng aeng 223a547.7bFLA 198210aFlavonoids and bioflavonoids, 1981 :bproceedings of the International Bioflavonoid Symposium (6th Hungarian Bioflavonoid Symposium) Munich, F.R.G., September 6-9, 1981 /cedited by L. Farkas ... [et al.]. aAmsterdam :aNew York :bElsevier Scientific Pub. Co. ;c1982. axix, 533 p. :bill. ;c25 cm.1 aStudies in organic chemistry ;v11 aIncludes bibliography and index. aMacromolecules and related compounds1 aFarkas, L. 0aStudies in organic chemistry (Elsevier Scientific Publishing Company) ;v11.